US States backwards - Statistics

General Stats
  • This quiz has been taken 120 times
  • The average score is 29 of 50
Answer Stats
Backwards state State % Correct
Amabala Alabama
95%
Aksala Alaska
93%
Anozira Arizona
92%
Sasnakra Arkansas
90%
Ainrofilac California
85%
Odaroloc Colorado
85%
Adirolf Florida
85%
Erawaled Delaware
84%
Tucitcennoc Connecticut
82%
Aigroeg Georgia
82%
Iiawah Hawaii
80%
Ohadi Idaho
80%
Awoi Iowa
65%
Sasnak Kansas
61%
Anaidni Indiana
60%
Oiho Ohio
60%
Ykcutnek Kentucky
58%
Eniam Maine
58%
Anaisiuol Louisiana
56%
Ippississim Mississippi
56%
Nagihcim Michigan
53%
Anatnom Montana
53%
Atokad Htron North Dakota
53%
Atokad Htous South Dakota
53%
Saxet Texas
53%
Dnalyram Maryland
52%
Adaven Nevada
52%
Aksabren Nebraska
51%
Yesrej Wen New Jersey
51%
Ocixem Wen New Mexico
51%
Kroy Wen New York
51%
Anilorac Htuos South Carolina
51%
Iruossim Missouri
50%
Nogero Oregon
50%
Anilorac Htron North Carolina
49%
Amohalko Oklahoma
49%
Hatu Utah
49%
Sttesuhcassam Massachusetts
48%
Atosennim Minnesota
48%
Erihsmah Wen New Hampshire
48%
Ainavlysnnep Pennsylvania
47%
Dnalsi Edohr Rhode Island
47%
Eessennet Tennessee
45%
Nisnocsiw Wisconsin
43%
Gnimoyw Wyoming
43%
Tnomrev Vermont
42%
Notgnihsaw Washington
42%
Ainigriv Virginia
41%
Ainigriv Tsew West Virginia
39%
Sionilli IIlinois
6%
No matching quizzes found
Score Distribution
Percent of People with Each Score
Percentile by Number Answered
Your Score History
You have not taken this quiz